00760nam a2200133 a 450000100100000000500170001000800410002704000250006804100130009324502180010624602200032426000470054430000350059100003021720200930060136.0110504s2008 dr ac 000 0 spa d aDO-SdBNPbspacBNPHu17aspabeng00aXV años de historia de la semana dominicana : una trayectoria de frutos positivos para República Dominicana = XV years of history of the dominican week : a trajectory of positive fruits for Dominican Republic.11a15 años de historia de la semana dominicana : una trayectoria de frutos positivos para la República Dominicana = 15 years of history of the dominican week : a trajectory of positive fruits for Dominican Republic aSanto Domingo :bSemana Dominicana,c2008. a75 p. :bil., retrs. ;c29 cm.